000 01001nam a22003017a 4500
001 BR0301220
003 BR-BrBNA
005 20230928101241.0
007 ta
008 230509b bl.||||| |||| 00| 0 por d
040 _aBR-BrBNA
_bpor
_cBiblioteca Nacional de Agricultura
041 _a(Por)
072 _aL51
_b5120
_b1930
090 _ 5120 BR0301220
100 1 _aSilva, L.F.A. da
110 1 _aFundação Universidade de Brasília, DF (Brasil). Faculdade de Agronomia e Medicina Veterinária
_0Tese (Mestre em Ciências Agrárias)
_95048
245 1 _aDigestibilidade aparente e consumo de capim elefante Pennisetum purpureum (Schum.)por eqüinos
260 3 _aBrasília, DF (Brasil):
_c2002.
300 _a51 p.
500 _aSummaries (Eng, Por), Bibliography p. 44-49; 11 illus.
650 _aCAVALO
650 _aCAPIM ELEFANTE
650 _aDIGESTIBILIDADE APARENTE
650 _aCONSUMO
650 _aVALOR NUTRITIVO
909 _a202309
_bLucia
_c55
_dLucia Elande
942 _cBK
999 _c64927
_d64927